Cochin-China.

Bibliographic Details
Main Author: Borri, Christoforo, -1632
Other Authors: Ashley, Robert, 1565-1641
Format: Book
Language:English
Italian
Published: Amsterdam : New York : Theatrum Orbis Terrarum; Da Capo Press, 1970.
Series:English experience, its record in early printed books published in facsimile ; no. 223.
Subjects:

MARC

Tag First Indicator Second Indicator Subfields
LEADER 00000cam a2200000 4500
001 in00000049434
005 20151007071723.0
008 710708r19701633ne 00000 eng
010 |a  71025710  
020 |a 9022102238 
035 |a (OCoLC)00149646 
035 |9 AAE6508AM 
040 |a DLC  |c DLC  |d TXA  |d UtOrBLW 
041 1 |a eng  |a ita 
043 |a a-vs--- 
049 |a TXAM  |c [1100748] 
050 0 0 |a DS557.C7  |b B72 1633a 
082 0 |a 915.97 
090 |a DS557.C7  |b B72 1970 
100 1 |a Borri, Christoforo,  |d -1632. 
240 1 0 |a Relatione della nuova missione delli P.P. della Compagnia di Giesv. English 
245 1 0 |a Cochin-China. 
264 1 |a Amsterdam :  |b Theatrum Orbis Terrarum;  |a New York :  |b Da Capo Press,  |c 1970. 
300 |a 72 unnumbered pages 
336 |a text  |b txt  |2 rdacontent 
337 |a unmediated  |b n  |2 rdamedia 
338 |a volume  |b nc  |2 rdacarrier 
490 1 |a The English experience, its record in early printed books published in facsimile,  |v no. 223 
500 |a Original title page reads: Cochin-China: Containing many admirable Rarities and Singularities of that Countrey. And published by Robert Ashley ... London. Printed by Robert Raworth; for R. Clutterbuck, 1633. 
500 |a S.T.C. number 1504. 
650 0 |a Missions  |z Vietnam, Southern. 
610 2 0 |a Jesuits  |z Vietnam, Southern. 
651 0 |a Vietnam, Southern. 
700 1 |a Ashley, Robert,  |d 1565-1641. 
830 0 |a English experience, its record in early printed books published in facsimile ;  |v no. 223. 
999 |a MARS 
999 f f |s 460ea15c-ac44-3b82-b86e-b1cd4726a93f  |i c5d55f9c-b567-3787-9426-ff989d4ea4ea  |t 0 
952 f f |p ric  |a Texas A&M University  |b Rellis Campus  |c Joint Library Facility  |d Remote Storage  |t 0  |e DS557.C7 B72 1970  |h Library of Congress classification  |i unmediated -- volume  |m A14802060346 
998 f f |a DS557.C7 B72 1970  |t 0  |l Remote Storage